365 câu hỏi và trả lời

Sparad:
Bibliografiska uppgifter
Materialtyp: Bok
Språk:Undetermined
Publicerad: Tp. Hồ Chí Minh Trẻ 1999
Ämnen:
Taggar: Lägg till en tagg
Inga taggar, Lägg till första taggen!
Thư viện lưu trữ: Trung tâm Học liệu Trường Đại học Cần Thơ
LEADER 00508nam a2200181Ia 4500
001 CTU_37057
008 210402s9999 xx 000 0 und d
020 |b 8.000đ 
082 |a 001 
082 |b B100/T.4 
245 0 |a 365 câu hỏi và trả lời 
245 0 |c Võ Văn Điểm, Phạm Minh Kha sưu tầm 
260 |a Tp. Hồ Chí Minh 
260 |b Trẻ 
260 |c 1999 
650 |a Knowledge,Science 
904 |i Minh 
980 |a Trung tâm Học liệu Trường Đại học Cần Thơ